00274nam a2200121Ia 4500008004100000100000900041245005100050260000900101300000800110650001000118942000700128999001700135190216s9999||||xx |||||||||||||| ||und|| aNull 0aHindi-Manovainjanik Hindi Upanyas Ki Bahuthayi bNull a224 aHindi cBK c15856d15856